Biologie, ekonomie a podnikání
Uplatňovanie biologických poznatkov v ekonómii a podnikaní. Pojem organizmus a organizácia v biológii a ekonómii. Entropia. Darwinov evolucioizmus. Sociálna organizácia. Evolúčne potreby súčasnosti.
Gespeichert in:
| 1. Verfasser: | |
|---|---|
| Format: | Buchkapitel |
| Sprache: | Tschechisch |
| Schlagworte: | |
| Tags: |
Keine Tags, Fügen Sie das erste Tag hinzu!
|
MARC
| LEADER | 00000naa$a2200000$$$4500 | ||
|---|---|---|---|
| 001 | 0046181 | ||
| 005 | 20231106123447.1 | ||
| 041 | 0 | |a cze | |
| 044 | |a CZ | ||
| 245 | 1 | 0 | |a Biologie, ekonomie a podnikání |c Jaroslav A. Jirásek |
| 520 | |a Uplatňovanie biologických poznatkov v ekonómii a podnikaní. Pojem organizmus a organizácia v biológii a ekonómii. Entropia. Darwinov evolucioizmus. Sociálna organizácia. Evolúčne potreby súčasnosti. | ||
| 610 | 2 | 0 | |a vedy biologické |
| 610 | 2 | 0 | |a vedy prírodné |
| 610 | 2 | 0 | |a vedy spoločenské |
| 610 | 2 | 0 | |a veda ekonomická |
| 610 | 2 | 0 | |a podnikanie |
| 610 | 2 | 0 | |a pojmy |
| 610 | 2 | 0 | |a organizácia |
| 610 | 2 | 0 | |a entropia |
| 100 | 1 | |a Jirásek, Jaroslav A. | |